| 000 | 00602nam a22002057a 4500 | ||
|---|---|---|---|
| 005 | 20241126084107.0 | ||
| 008 | 241126b |||||||| |||| 00| 0 eng d | ||
| 020 | _a8189003119 | ||
| 040 |
_aIN-DiNC _cIN-DiNC |
||
| 041 | _dasm | ||
| 082 |
_a891.451 _bBAR |
||
| 100 |
_aBaruah, Nabakanta _eauthor |
||
| 245 |
_aNabakanta Baruah shishu sahitya samagra (part I)/ _ced. by Gagan Chandra Adhikari |
||
| 250 | _a1st ed. | ||
| 260 |
_aGuwahati: _bAnwesha, _c2005. |
||
| 300 | _a312p. | ||
| 650 | _aChildren literature of Nabakanta Baruah | ||
| 700 |
_aAdhikari, Gagan Chandra _eEditor |
||
| 942 |
_2ddc _cBK |
||
| 999 |
_c12024 _d12024 |
||